[Event "CZE-chT2E 0910"]
[Site "Czech Republic"]
[Date "2010.04.18"]
[Round "11.8"]
[White "Trimmel, Bohuslav"]
[Black "Sipek, Oldrich"]
[Result "0-1"]
[WhiteElo "1813"]
[BlackElo "1852"]
[PlyCount "92"]
[EventDate "2009.10.18"]
[EventType "team-tourn"]
[EventRounds "11"]
[EventCountry "CZE"]
[SourceTitle "EXT 2012"]
[Source "ChessBase"]
[SourceDate "2011.11.24"]
[SourceVersion "1"]
[SourceVersionDate "2011.11.24"]
[SourceQuality "1"]
[WhiteTeam "Prostejov"]
[BlackTeam "Brno Lokomotiva III"]
[WhiteTeamCountry "CZE"]
[BlackTeamCountry "CZE"]

1. d4 d5 2. c4 e6 3. Nc3 Nf6 4. Bg5 Nbd7 5. e3 c6 6. Nf3 Qa5 7. Bxf6 Nxf6 8. Qa4 Qxa4 9. Nxa4 dxc4 10. Ne5 b5 11. Nc3 Bb7 12. Be2 Bb4 13. 0-0 Nd5 14. Nd1 f6 15. Nf3 0-0 16. a3 Ba5 17. g3 Rac8 18. a4 Bb6 19. Nc3 a6 20. Ne4 c5 21. Nd6 Rc7 22. axb5 cxd4 23. exd4 axb5 24. Nxb5 Rc6 25. Rfc1 Rfc8 26. Na7 Bxa7 27. Rxa7 Ba6 28. Kf1 Rb8 29. Ra1 Nc7 30. Rxc7 Rxc7 31. Rxa6 Rxb2 32. Rxe6 c3 33. Ne1 c2 34. Nxc2 Rcxc2 35. h4 Kf7 36. Re3 Rd2 37. d5 Kg6 38. g4 Rxd5 39. Bd3+ Kh6 40. Be2 g5 41. Rh3 Re5 42. hxg5+ Kxg5 43. Bf3 Kf4 44. Bh1 Rb1+ 45. Kg2 Ree1 46. Rxh7 Rg1+ 0-1